000 00945cam a2200265 4500
008 090401t1998 xxu||||| |||| 00| 0 eng d
020 _a1900858223
035 _a(Sirsi) u86424
041 _aeng
050 _a690.24
110 _aBuilding Maintenance Information
_93229
245 _aHealth care building occupancy cost benchmarking : a case study of Pembrokeshire National Health Service Trust.
260 _aLondon
_bBMI
_c1998
300 _a47p. ; 30cm.
350 _a0
490 _aBMI Special Report
_v268
520 _aThis item is part of a subscription service and cannot be photocopied. Neither can any part of it be read out over the phone. Please contact BMI direct on 0171-222-7000 for details.
650 _aBENCHMARKING
650 _aHOSPITAL BUILDINGS
650 _aNHS TRUSTS
650 _aOCCUPANCY COSTS
690 _aBUILDING AND CONSTRUCTION-REPAIRS AND MAINTENANCE
942 _n0
948 _c28/05/1998
999 _c97136
_d97136